Maldives First Level Subdivisions - Statistics

General Stats
  • This quiz has been taken 165 times
    164 since last reset
  • The average score is 9 of 21
Answer Stats
Atolls % Correct
Malé
86%
Seenu / Addu
52%
Lhaviyani
48%
Gnaviyani
45%
Alif Alif
43%
Baa
43%
Haa Alif
41%
Meemu
41%
Thaa
41%
Alif Dhaal
39%
Dhaalu
39%
Kaafu
39%
Laamu
39%
Raa
39%
Faafu
36%
Noonu
36%
Shaviyani
36%
Vaavu
36%
Haa Dhaalu
34%
Gaafu Alif
32%
Gaafu Dhaalu
32%
No matching quizzes found
Score Distribution
Percent of People with Each Score
Percentile by Number Answered
Your Score History
You have not taken this quiz since the last reset